Club Godo : una cartografia del piacere /

Gardado en:
Detalles Bibliográficos
Autor Principal: Plã, Jüne (Author)
Formato: Libro
Idioma:Lingua italiana
Publicado: Milano : L'ippocampo, 2020
Tags: Engadir etiqueta
Sen Etiquetas, Sexa o primeiro en etiquetar este rexistro!

MARC

LEADER 00000nam a22000007i 4500
001 IT\ICCU\RT1\0129152
003 ItRI
005 20260115232132.0
008 201222s2020 it |||||| ||||| |||||c
020 |a 9788867225354 
040 |b ita  |c importazione bologna sebina 
041 7 |a ita  |2 ISO-639-2 
100 1 |a Plã, Jüne  |0 IT\ICCU\RT1V\043314  |4 aut 
240 1 0 |a Jouissance club: une cartographie du plaisir  |3 IT\ICCU\RT1\1010469  |9 Plã, Jüne 
245 1 0 |a Club Godo :  |b una cartografia del piacere /  |c Jüne Plã. 
260 |a Milano :  |b L'ippocampo,  |c 2020 
300 |a 251 p. :  |b ill. ;  |c 22 cm 
942 |2 ddc  |c BK  |n 0 
952 |0 0  |1 0  |4 0  |6 DOC_613_960000000000000_PLA  |7 0  |9 20668  |a BO  |b BO  |d 2026-01-15  |i 19422  |l 0  |o DOC 613.96 PLA  |p BO19422  |r 2026-01-15 23:21:32  |w 2026-01-15  |x [Sebina 5] [1 v.]  |y BK  |z 1 v. 
999 |c 17654  |d 17654